Responses for Show #3439 - Thursday, July 15, 1999

Contestants

[<< previous game]

Linda Lahnan, a Defense Dept. analyst from Baltimore, Maryland

Vic Chandhok, a mediator from New Orleans, Louisiana

Tom Crawford, a graduate student from Chicago, Illinois (whose 1-day cash winnings total $6,000)

[next game >>]

Jeopardy! Round responses

NAME THE NOVEL
10 CDs FOR A PENNY
(Alex: Yeah, in your dreams!)
A FEW GOOD MEN
FADE TO "BLACK"
IF THE SHOE FITS
WHERE IS IT?
    $100 1
Moby-Dick

Tom
    $100 21
Frank Sinatra

Vic
    $100 22
George Washington

Vic
    $100 6
Black Forest

Tom
    $100 16
(Vic: What is a flip-flop?)

a thong

TomVic
    $100 11
Montgomery

Vic
    $200 2
Little Women

Tom
    $200 27
Tina Turner

Tom
    $200 23
Michael Faraday

Vic
    $200 7
Black hole

Tom
    $200 17
Elevator shoes

Vic
    $200 12
Gulf of Tonkin

Tom
    $300 3
Animal Farm

Tom
    $300 28
Van Halen

Tom
    $300 24
Bo Jackson

Tom
    $300 8
Angus

Vic
    $300 18
Clog

Vic
    $300 13
Minorca

Triple Stumper
    $400 4
Of Mice and Men

Vic
    $400 29
George Harrison

Linda
    $400 25
Abraham Lincoln

Vic
    $400 9
(Tom: What is a black adder?)

a black mamba

TomVic
    $400 19
Saddle shoes

Tom
    $400 14
Uganda

Vic
    $500 5
House of the Seven Gables

Triple Stumper
    $500 30
Boyz II Men

Linda
    $500 26
Jasper Johns

Vic
    $500 10
Blackfeet

Vic
    $500 20
Teddy Boys

Triple Stumper
    $1,000 15
(Vic: What is Fudd Island?)

the Isle of Wight

Vic

Scores at the first commercial break (after clue 15):

Tom Vic Linda
$700 $1,100 $0

Scores at the end of the Jeopardy! Round:

Tom Vic Linda
$2,000 $2,800 $900

Double Jeopardy! Round responses

THEATRE
GAME SHOWS
19th CENTURY WOMEN
FLAGS OF THE WORLD
(Alex: You identify the country.)
JOHN
ANIMAL WORDS
    $200 1
Jesus Christ Superstar

Tom
    $200 16
License plates

Tom
    $200 21
Congressional Medal of Honor

Vic
    $200 2
China

Linda
    $200 9
(Tom: Who was Madison?)

John Adams

TomVic
    $200 26
Henpecked

Tom
    $400 5
A Doll's House

Vic
    $400 17
Donald Trump

Tom
    $400 22
Fannie Farmer

Vic
    $400 3
Mexico

Linda
    $400 10
John Elway

Vic
    $400 27
Sheepish

Triple Stumper
    $600 6
Agnes Moorehead

Vic
    $2,600 18
Dick Clark

Tom
    $700 23
William Shakespeare

Vic
    $600 4
Brazil

Vic
    $600 11
John Lennon

Vic
    $600 28
Bulldozer

Linda
    $800 7
Tom Stoppard

Linda
    $800 19
(Tom: What is The $25,000 Pyramid?)

Match Game

TomLinda
    $800 24
Amelia Bloomer

Vic
    $800 14
Lebanon

Vic
    $800 12
John Bunyan

Vic
    $800 29
Harebrained

Linda
    $1000 8
Ayn Rand

Vic
    $1000 20
$1 million

Triple Stumper
    $1000 25
George Sand

Vic
    $1000 15
Iran

Linda
    $1000 13
John Sirica

Linda
    $1000 30
(Linda: What is a papal bull?)

dogma

VicLinda

Scores at the end of the Double Jeopardy! Round:

Tom Vic Linda
$4,600 $12,300 $5,500
(lock game)

[wagering suggestions for these scores]

Final Jeopardy! Round responses

FILMS OF THE '70s
TomWhat is Network?
$0
LindaWhat is Network
$5,000
VicWhat is Network?
$1,200
Network

Final scores:

Tom Vic Linda
$4,600 $13,500 $10,500
3rd place: DirecTV Satellite System & Service New champion: $13,500 2nd place: Trip to Presidente Inter-Continental Hotel, Puerto Vallarta, Mexico

Game dynamics:

Coryat scores:

Tom Vic Linda
$2,600 $13,200 $5,500
16 R
(including 1 DD),
3 W
28 R
(including 1 DD),
2 W
(including 1 DD)
10 R,
1 W

Combined Coryat: $21,300

[game clues] [game scores] [suggest correction]

Game tape date: Unknown
The J! Archive is created by fans, for fans. Scraping, republication, monetization, and malicious use prohibited; this site may use cookies and collect identifying information. See terms. The Jeopardy! game show and all elements thereof, including but not limited to copyright and trademark thereto, are the property of Jeopardy Productions, Inc. and are protected under law. This website is not affiliated with, sponsored by, or operated by Jeopardy Productions, Inc. Join the discussion at JBoard.tv.